ბათუმის შოთა რუსთაველის სახელმწიფო უნივერსიტეტის ბიბლიოთეკა

ფიქრები საქართველოს მისიაზე (ბიბ.ჩანაწერი № 50666)

000 -LEADER
fixed length control field 00896nam a2200229Ia 4500
001 - CONTROL NUMBER
control field 17617
003 - CONTROL NUMBER IDENTIFIER
control field GE_BSU
008 - FIXED-LENGTH DATA ELEMENTS--GENERAL INFORMATION
fixed length control field 181216s||||||||xx |||||||||||||| ||und||
040 ## - CATALOGING SOURCE
Transcribing agency GE_BSU
080 ## - UNIVERSAL DECIMAL CLASSIFICATION NUMBER
Universal Decimal Classification number 129+27.1+94(474.22)
100 ## - MAIN ENTRY--PERSONAL NAME
Personal name კოსტავა,მერაბ
245 ## - TITLE STATEMENT
Title ფიქრები საქართველოს მისიაზე
245 ## - TITLE STATEMENT
Remainder of title საქართველოს ისტორია;ქართული სულიერება
245 ## - TITLE STATEMENT
Statement of responsibility, etc. რედ.:ნიკო ჭავჭავაძე;მხატვ.:ა. სამაშვილი
260 ## - PUBLICATION, DISTRIBUTION, ETC.
Place of publication, distribution, etc. თბილისი
260 ## - PUBLICATION, DISTRIBUTION, ETC.
Name of publisher, distributor, etc. საქართველო
260 ## - PUBLICATION, DISTRIBUTION, ETC.
Date of publication, distribution, etc. 1991
300 ## - PHYSICAL DESCRIPTION
Extent 140 გვ. ; 20 სმ.
653 ## - INDEX TERM--UNCONTROLLED
Uncontrolled term საქართველოს ისტორია
653 ## - INDEX TERM--UNCONTROLLED
Uncontrolled term ქართული სულიერება
942 ## - ADDED ENTRY ELEMENTS (KOHA)
Koha item type წიგნი

არაა ხელმისაწვდომი ეგზემპლარები.